| 000 | 00953nam a2200277 4500 | ||
|---|---|---|---|
| 003 | EG-GICUC | ||
| 005 | 20260402112420.0 | ||
| 008 | 260402s1928 fr ||||fr|||| 00| 0 fre d | ||
| 040 |
_aEG-GiCUC _bfre _cEG-GiCUC _dEG-GiCUC _eRda |
||
| 041 | 0 | _afre | |
| 082 | 0 | 4 |
_221 _a341.511 _bFR . Æ |
| 092 | 0 | 4 | _221 |
| 099 | _aLaw1 11 341.511 FR . Æ 1928 | ||
| 100 | 1 |
_aFrancqueville, Bernard de _eAuteur |
|
| 245 | 1 | 2 |
_aL'æuvre de la cour permanente de justice internationale. _nTome I, _pOrganisation et compétence / _cBernard de Francqueville. |
| 264 | 1 |
_aParis : _bLes Éditions internationales, _c1928. |
|
| 300 |
_a221 page ; _c 24 cm. |
||
| 336 |
_2rda contenu _a texte |
||
| 337 |
_2rda medias _aOrdinateur |
||
| 338 |
_2 transporteur rda _a Ressource en ligne |
||
| 546 | _aTexte en français | ||
| 650 | 1 | 4 | _aDroit international public |
| 856 | 4 | 0 | _uhttps://fll.law.cu.edu.eg/fulltext/bks/B11-07162.pdf |
| 905 | _a30 | ||
| 942 |
_2ddc _cBK _e21 _n0 |
||
| 999 |
_c68405 _d68405 |
||